zpět

Detail výsledku týmu

Sportbar Penalta, Přerov

Datum a čas kvízu

38 Celkem bodů Celkový počet nahraných bodů na tomto kvízu bez doplňovacích otázek.
4. Pořadí na kvízu Konečné umístění týmu na tomto kvízu.

Zaznamenané odpovědi

# Otázka Odpověď Body Výsledky
1. Který politik obdržel minulý t... Tomio Okamura 1
2. Že USA společně s Izraelem zaú... C 1
3. Do Prahy zavítal na natáčení 5... Leonardo DiCaprio; Martin Scorsese 1
4. V pátek byla oznámena fúze dvo... Paramount (Skydance), Warner Bros. (Discovery) 1
5. Armand Duplantis, světový reko... C 1
6. Zatímco v českých atlasech ten... Iberové 1
7. Vyberte správné tvrzení týkají... A 0
8. Červeně vyznačená oblast na se... Baskicko, Bilbao 0.5
9. Jak se jmenuje portugalský mys... C 0
10. Poslední otázka se týká města... Porto 1